00420nam a2200157Ia 4500008004100000020001500041041001200056082001600068100001600084245008500100250000800185260002500193300000800218650001600226700002000242221030s9999 xx 000 0 und d a8120310381 aEnglish a105.23bPra aT. W. Pratt 0aProgramming Languages : Design & Implementationcby T. W. Pratt, M. V. Zelkowitz a3rd bPHIaNew Delhic2001 a654 aBE Computer aM. V. Zelkowitz